000 00277nam a22001097a 4500
008 170106b xxu||||| |||| 00| 0 eng d
020 _a9780781780605
041 _aeng
080 _a618.2
245 _aLABORATORY MANUAL FOR NURSING HEALTH ASSESMENT
_cJENSEN, SH
942 _2udc
_cBK
999 _c2600
_d2600